000 00506cam a22002171 4500
001 sa 65000179
003 DLC
005 20260227112101.0
008 940607s1959 ii a 000 1 beno
010 _asa 65000179
035 _a(OCoLC)30568282
040 _aDLC
_cCU
_dCU
_dDLC
042 _apremarc
050 0 0 _aPK1718.I43
_bC5
100 1 _aImam, Ibane.
245 1 0 _aCitra bicitra.
260 _c[1959]
300 _a13, 173 p.
_billus.
_c22 cm.
500 _aIn Bengali.
500 _aA novel.
999 _c61414
_d61414